Introduction to computers and computer science. /

Guardado en:
Autor Principal: Dorf, Richard C.
Formato: Libro
Idioma:English
Publicado: San Francisco : Boyd & Fraser, 1977.
Edición:2. ed.
Etiquetas: Agregar Etiqueta
Sin Etiquetas, Sea el primero en etiquetar este registro!
LEADER 00494nam a22001575a 4500
001 EUN.um015321
003 AR-BaUNS
005 20050623122857.0
008 041125s1977####xxua##########000#0#eng#d
245 1 0 |a Introduction to computers and computer science. /  |c Richard C. Dorf. 
260 |a San Francisco :  |b Boyd & Fraser,  |c 1977. 
300 |a 650 p :  |b ilus. ;  |c 24 cm. 
100 1 |a Dorf, Richard C. 
082 0 4 |a 621.38195 
250 |a 2. ed. 
859 |a Ar-BaUNS  |b BIB. CENTRAL - Sector C  |h 621.38195  |i D731  |p 87586/981